Score 0/53 Timer 12:00
0 Plays Today
Rank Country % Correct
1Sudan
98.2%
2Algeria
97%
3Democratic Republic of the Congo
93.8%
4Libya
90.9%
5Chad
87.4%
6Niger
85.1%
7Angola
82.2%
8Mali
81.2%
9South Africa
80.7%
12Egypt
77.5%
10Ethiopia
77.1%
11Mauritania
75.2%
13Tanzania
73.7%
14Nigeria
72.6%
15Namibia
72.3%
16Mozambique
70.2%
17Zambia
68.4%
18Somalia
68.1%
19Central African Republic
66.7%
20Madagascar
66.7%
22Kenya
66.1%
21Botswana
64%
23Cameroon
62.5%
24Morocco
62.3%
25Zimbabwe
59.7%
53Seychelles
59.7%
26Republic of the Congo
58.8%
Rank Country % Correct
52São Tomé and Príncipe
58.8%
50Comoros
58.4%
51Mauritius
57.9%
28Burkina Faso
57.1%
27Côte d'Ivoire
56.8%
49Cape Verde
56.7%
32Ghana
56.4%
30Guinea
55.9%
31Uganda
55.8%
48The Gambia
55.6%
29Gabon
54.9%
40Togo
54.9%
37Benin
54.1%
46Djibouti
54%
33Senegal
53.6%
45Rwanda
53.3%
42Lesotho
53.2%
47Swaziland
53.2%
38Liberia
52.6%
44Burundi
52.4%
41Guinea-Bissau
51.8%
34Tunisia
51.7%
35Malawi
51.7%
39Sierra Leone
51.4%
43Equatorial Guinea
50.6%
36Eritrea
50.5%

You're not logged in!

Compare scores with friends on all Sporcle quizzes.
OR
Log In

Sporcle TV

Today on Sporcle TV


Watch our educational content, quiz creation guides, and fun videos on Sporcle TV.

Show Comments

Extras

Top Quizzes Today


Score Distribution

Paid Content

Your Account Isn't Verified!

In order to create a playlist on Sporcle, you need to verify the email address you used during registration. Go to your Sporcle Settings to finish the process.

Report this User

Report this user for behavior that violates our Community Guidelines.

Details: